| 000 | 01011nam a2200241Ia 4500 | ||
|---|---|---|---|
| 003 | GCL | ||
| 008 | 140319s9999 xx 000 0 ara d | ||
| 040 |
_aGCL / _cGCL |
||
| 082 | 0 | 4 |
_a394.265 _bب ش |
| 100 | 1 | _aمحمد القزاز | |
| 245 | 1 | 0 |
_aالشعائر بين الدين والسياسة فى الاسلام والمسيحية : _bالاحتفال الدينى منبرا سياسيا فى المجتمع اللبنانى المعاصر دراسة انثروبولوجية / _cمحمد القزاز |
| 700 | 1 | _aبندكتى ، روبير | |
| 250 | _aالاولى | ||
| 260 |
_aالقاهرة : _bدار مصر المحروسة ، _c2005 |
||
| 300 |
_a275 ص ؛ _c24سم |
||
| 650 | 0 | 4 | _aالاسلام والمسيحية |
| 650 | 0 | 4 | _aالعادات والتقاليد |
| 650 | 0 | 4 | _aالشعائر الدينية |
| 650 | 0 | 4 | _aالمسيحية والسياسة |
| 650 | 0 | 4 | _aالانثربولوجية الاجتماعية |
| 650 | 0 | 4 | _aالاسلام والسياسة |
| 942 |
_2ddc _cBK |
||
| 999 |
_c8642 _d8642 |
||